| 000 | 00511nam a2200205Ia 4500 | ||
|---|---|---|---|
| 003 | OSt | ||
| 005 | 20221015094306.0 | ||
| 008 | 210210b2005 xxu||||| |||| 00| 0 eng d | ||
| 020 | _a81 8054 309 9 | ||
| 040 | _cAL | ||
| 041 | _aEnglish | ||
| 082 | _a658 BHUF | ||
| 100 |
_aBHUSHAN (Y K). _959646 |
||
| 245 | _aFundamentals of business organization and management | ||
| 260 |
_aN D _bSultan Chand & Sons _c2005 |
||
| 300 | _axxi,852 | ||
| 690 |
_aManagement _959647 |
||
| 906 | _a060855 | ||
| 942 |
_2ddc _cBK |
||
| 999 |
_c107712 _d107712 |
||